Tacchi a spillo /
Shranjeno v:
| Drugi avtorji: | , , , |
|---|---|
| Format: | |
| Jezik: | italijanščina |
| Izdano: |
[Italia] :
Filmauro,
c2006
|
| Oznake: |
Brez oznak, prvi označite!
|
MARC
| LEADER | 00000ngm a22000007i 4500 | ||
|---|---|---|---|
| 001 | IT\ICCU\UBO\3108907 | ||
| 003 | ItRI | ||
| 005 | 20260124182913.0 | ||
| 008 | 061218s2006 it |||||||||||||||k|||||c | ||
| 024 | 3 | 1 | |a 8016024000393 |
| 028 | 4 | 2 | |a 00039 |
| 040 | |b ita | ||
| 041 | 7 | |a ita |2 ISO-639-2 | |
| 130 | 0 | |a Tacones lejanos <film ; 1991> |3 IT\ICCU\UBO\1261793 | |
| 245 | 0 | 0 | |a Tacchi a spillo / |c scritto e diretto da Pedro Almodovar ; direttore della fotografia Alfredo Mayo ; musica: Ryuichi Sakamoto. |
| 246 | 1 | 3 | |a Tacchi a spillo <risorsa elettronica> |9 IT\ICCU\UBO\3108916 |
| 260 | |a [Italia] : |b Filmauro, |c c2006 | ||
| 300 | |a 1 DVD (ca. 110 min.) ; |c color., sonoro (Dolby digital 5.1 surround) ; 12 cm | ||
| 500 | |a Codice area: 2; sistema e formato video: PAL, 16/9, 1.85:1, adatto ad ogni tipo di televisore | ||
| 500 | |a Tit. del contenitore | ||
| 500 | |a Ripr. del 1991, prod. Spagna; interpreti: Victoria Abril, Marisa Paredes, Miguel Bose | ||
| 500 | |a Lingua: italiano | ||
| 500 | |a Contenuti extra: trailer cinematografico. | ||
| 700 | 1 | |a Almodóvar, Pedro |0 IT\ICCU\CFIV\096565 | |
| 700 | 1 | |a Bosè, Miguel |0 IT\ICCU\LO1V\184778 | |
| 700 | 1 | |a Abril, Victoria |0 IT\ICCU\RAVV\096933 | |
| 700 | 1 | |a Paredes, Marisa |0 IT\ICCU\UBOV\487257 | |
| 790 | 1 | |a Almodóvar Caballero, Pedro |3 IT\ICCU\SBNV\072548 |z Almodóvar, Pedro | |
| 942 | |2 ddc |c VM |n 0 | ||
| 952 | |0 0 |1 0 |4 0 |6 VO_1732_000000000000000 |7 0 |9 27842 |a BO |b BO |d 2026-01-24 |i 13189 |l 0 |o VO 1732 |p BO13189 |r 2026-01-24 18:29:13 |w 2026-01-24 |x [Sebina 5] [1 dvd] |y VM |z 1 dvd | ||
| 999 | |c 23603 |d 23603 | ||